000 00612nam a2200193 a 4500
001 000042360
005 20201002040114.0
008 131127s1994 ag 000 0 spa d
020 _a9507300163
040 _aDO-SdBNP
_bspa
_cBNPHU
082 _axxxxx
_bxxxxx
100 1 _aDoman, Fabián
_969432
245 1 4 _aLos Angeles de Charly :
_bsecretos y susurros de las mujeres en el poder /
_cFabián Doman, Martín Olivera.
260 _aArgentina :
_bEdiciones TH
_bPlaneta,
_c1994.
300 _a279 p. ;
_c21 cm.
490 1 _aArgentina hoy
700 1 _aOlivera, Martín
_969433
830 0 _aArgentina hoy
_969434
999 _c41849
_d41849